LEADER 00650nam a2200169 i 4500 001 000000252656 003 CaOOAMICUS 005 20170126000000.0 008 170126s1891 it u000 u ita u 013 $a231561 040 $aSeMil$bita 245 10$aVol. 6. 300 $aXI, 339 p. 773 0 $aForcella, Vincenzo, <1837-1906>$tIscrizioni delle chiese e degli altri edifici di Milano dal secolo 8. ai giorni nostri.$dMilano : Tipografia Bortolotti di Giuseppe Prato, 1889-1893.$g6$w()5612 850 $aSeMil 852 $aSeMil$W1$xVenegono$y1$m3O III 6 FA$j203002$B203002$CSeMilBibl$Z2$F215723 $8I 996 $6245$aVol. 6$9(OLS)http://semarc/title/108698 LEADER 02421nam a2200469 i 4500 001 000000039628 003 CaOOAMICUS 005 20080723000000.0 008 080723s1992 it u000 u ita u 013 $a10411 020 $a88-382-3666-6 040 $aSeMil$bita 245 12$aL'Europa crocevia :$bmemoria, cultura, responsabilità delle Chiese /$cP. Prodi ... [et al.] ; Introduzione di Giulio Conticelli. 260 $aRoma :$bStudium,$ccopyr. 1992. 300 $aXXI, 343 p. ;$c21 cm. 490 0 $aCoscienza. Studi ;$v21 500 $aContiene : Appendici. 650 4$aEuropa - Studi.$0(OLS)http://semarc/subject/7401 700 1 $aConticelli, Giulio.$0(OLS)http://semarc/name/19259 774 0 $tEuropa e la memoria.$w()303719 774 0 $aPoggi, Vincenzo $tNuova Europa vista da Oriente.$w()303720 774 0 $aMartí, Felix$tEuropa crocevia.$w()303721 774 0 $aCaselli, Lorenzo$tEconomia.$w()303722 774 0 $aCasavola, Franco$tCasa comune europea tra utopia e realtà.$w()303723 774 0 $aChiarinelli, Lorenzo <1935- >$tReligione.$w()303724 774 0 $aIvaldo, Marco$tSenso dell'Europa.$w()303725 774 0 $aBirou, Alain$tSenso e non-senso dell'Europa.$w()303726 774 0 $aCivran, Anna$tAlcune questioni di carattere prioritario.$w()303727 774 0 $aFerrari, Claudio$tResponsabilità del sapere nella «svolta relativistica» in epis . P. 177-197.$w()303728 774 0 $aGatti, Roberto <1951- >$tRagione, morale e politica.$w()303729 774 0 $aCottier, Georges $tTeologia.$w()303730 774 0 $aPieretti, Antonio <1940- >$tPer un umanesimo della persona.$w()303731 774 0 $aDucci, Edda$tUniversità.$w()303732 774 0 $aReguzzoni, Mario$tDimensione europea dell'educazione.$w()303733 774 0 $aTani, Piero$tProfessioni.$w()303734 774 0 $aLehmann, Karl $tFede e cultura nell'Europa della parola, delle Chiese, dei cristi 293-310.$w()303735 830 0$aCoscienza. Studi ;$v21.$0(OLS)http://semarc/title/11155 850 $aSeMil 852 $aSeMil$W1$xVenegono$y1$m3A I 184$j5783$B5783$CSeMilBibl$Z2$F5783 $81 996 $6020$a88-382-3666-6$9(OLS)http://semarc/number/9375 996 $6245$aL'Europa crocevia :$bmemoria, cultura, responsabilità delle Chiese$9(OLS)http://semarc/title/56544 996 $6260$aRoma :$bStudium$9(OLS)http://semarc/publisher/29617